000 00782nam a2200265Ia 4500
001 Para_8997
003 CHAP
008 220125s2005 xx 000 0 und d
010 _a207775
040 _cCHAP
082 _aPA 646.7 K59
100 _aKyosaki, Robert T.
_9174270
245 _aPadre rico, padre pobre para jóvenes :
_b ¡Los secretos para ganar dinero que no te enseñan en la escuela! /
_c por Robert T. Kiyosaki
260 _aMéxico, D.F. :
_b Aguilar
300 _a138 p.
650 _aMotivación (psicología)
_979090
650 _aSuperación personal
_9143097
901 _aPA 646.7 K59
902 _aA
905 _a0000002005 0000000000 00
910 _a2005
942 _cPARA
942 _cPARA
_d1
999 _c207775
_d207775